000 00789nam a2200253Ia 4500
003 GCL
008 140319s9999 xx 000 0 ara d
040 _aGCL /
_cGCL
082 0 4 _a574.1
_bا م
100 1 _aعبدالحميد ابراهيم ذكى
245 1 0 _aمنابع الحياة /
_cعبدالحميد ابراهيم ذكى
700 1 _aابراهيم عبدالحميد زكى
700 1 _aازيمون اسحق
260 _a[S.N] :
_bمنشاة المعارف الاسلامية ،
_c1970
300 _a343 ص
490 _a
650 0 4 _aالوراثة
650 0 4 _aالتاريخ الطبيعى
650 0 4 _aالاحياء
650 0 4 _aالبروتوبلازم
650 0 4 _aالتكيف الاجتماعى
650 0 4 _aالخلاب
942 _2ddc
_cBK
999 _c32800
_d32800